00429 a2200133 4500001001000000005001700010008004100027245005000068100002600118700002600144700002100170773008700191999001700278ART_4606920260410161731.0260409a 10a¿Buenas prácticas de gobierno corporativo?1 aArias, María Isabel1 aSarro, Lucía Andrea1 aPerata, Antonela0 tEscritos contables y de administracióng- Vol. 5, Nº1 (ene./jun. 2014)wREV2758 c17852d17852